The beast in Ms. Rooney's room #1 / Patricia ... Read More
Available copies
- 1 of 1 copy available at LARL/NWRL Consortium.
- 1 of 1 copy available at Northwest Regional Library. (Show preferred library)
Current holds
0 current holds with 1 total copy.
Show Only Available Copies
| Location | Call Number / Copy Notes | Barcode | Shelving Location | Status | Due Date |
|---|---|---|---|---|---|
| Thief River Falls Public Library | j GIF (Text) | 35500003531744 | Main | Available | - |
Record details
- ISBN: 0440404851
- Physical Description: 76 p. : ill. ; 20 cm
- Publisher: New York : Dell, c1984.
Content descriptions
| General Note: | A Yearling book. |
Search for related items by subject
| Subject: | Schools > Fiction. |
Search for related items by series
| LDR | 00882nam a2200241 a 4500 | ||
|---|---|---|---|
| 001 | 56964 | ||
| 003 | LARL_NWRL_CONSORTIUM | ||
| 005 | 19990604082155.0 | ||
| 008 | 840906s1984 nyua j 000 1 eng d | ||
| 020 | . | ‡a0440404851 | |
| 035 | . | ‡a(OCoLC)11125162 | |
| 035 | . | ‡9AFD9126UW | |
| 090 | . | ‡aPZ3.G43 ‡bBe | |
| 100 | 1 | . | ‡aGiff, Patricia Reilly. ‡0(LARL_NWRL_CONSORTIUM)152831 |
| 245 | 1 | 4. | ‡aThe beast in Ms. Rooney's room ‡n#1 / ‡cPatricia Reilly Giff ; illustrated by Blanche Sims. |
| 260 | . | ‡aNew York : ‡bDell, ‡cc1984. | |
| 300 | . | ‡a76 p. : ‡bill. ; ‡c20 cm | |
| 490 | 0 | . | ‡aKids of the Polk Street school ; ‡v1 |
| 500 | . | ‡aA Yearling book. | |
| 650 | 1. | ‡aSchools ‡vFiction. ‡0(LARL_NWRL_CONSORTIUM)167222 | |
| 700 | 1 | . | ‡aSims, Blanche. ‡0(LARL_NWRL_CONSORTIUM)60214 |
| 901 | . | ‡a56964 ‡bISxN ‡c56964 ‡tbiblio | |

Add to basket
Permalink
Disable Highlighting